Представление документа в формате RUSMARC

ПолеНазваниеЗначение
  Тип записи a
  Библиографический уровень m
001 Контрольный номер 88ff04d0e8e44d79bd09716fdcf085e4
005 Дата корректировки 20141020135214.9
200 Заглавие и сведения об ответственности 1_
a Заглавие Внешнеторговые документы
f Первые сведения об ответственности Грачев Ю.Н.
205 Сведения об издании __
b Дополнительные сведения об издании 3-е изд.,перераб.и доп.
210 Выходные данные 1_
a Место издания Москва
c Издательство Бух.бюл.
d Дата издания 1998
215 Физическое описание __
a Объем 312 с.
225 Серия 2_
a Серия Б-ка журн."Внешнеэкономический бюллетень"
606 Тематические рубрики __
a Основная рубрика Торговля
610 Ключевые слова 0_
a Ключевые слова внешняя торговля
686 Индексы других классификаций __
a Классификационный индекс 65.9(2)8
2 Код системы rubbk
686 Индексы других классификаций __
a Классификационный индекс 65.9(2)843
2 Код системы rubbk
700 Автор _1
a Фамилия Грачев Ю.Н.
801 Источник записи _0
a Страна RU
b Организация РУК
c Дата составления 19981022
g Правила каталогизации PSBO
801 Источник записи _1
a Страна RU
b Организация РУК
c Дата составления 19981022
g Правила каталогизации PSBO
852 Данные о местонахождении __
i Авторский знак Г-78
j Шифр хранения ББК 65.9(2)8
901 Тип документа __
t Тип документа m
938 Служебная информация __
a Название организации Головной вуз
b Имя БД BOOK
c Название АИБС АИБС ИРБИС